Rethinking marketing : (Record no. 9229)
[ view plain ]
| 000 -LEADER | |
|---|---|
| fixed length control field | 01445cam a22003254a 4500 |
| 001 - CONTROL NUMBER | |
| control field | 13548949 |
| 003 - CONTROL NUMBER IDENTIFIER | |
| control field | OSt |
| 005 - DATE AND TIME OF LATEST TRANSACTION | |
| control field | 20240717122353.0 |
| 008 - FIXED-LENGTH DATA ELEMENTS--GENERAL INFORMATION | |
| fixed length control field | 040406s2004 njua b 101 0 eng |
| 010 ## - LIBRARY OF CONGRESS CONTROL NUMBER | |
| LC control number | 2004007923 |
| 020 ## - INTERNATIONAL STANDARD BOOK NUMBER | |
| International Standard Book Number | 0470021470 (cloth : alk. paper) |
| 040 ## - CATALOGING SOURCE | |
| Original cataloging agency | DLC |
| Transcribing agency | MUST |
| Modifying agency | DLC |
| 042 ## - AUTHENTICATION CODE | |
| Authentication code | pcc |
| 082 ## - DEWEY DECIMAL CLASSIFICATION NUMBER | |
| Classification number | 381 HAK 2004 |
| 100 1# - MAIN ENTRY--PERSONAL NAME | |
| Personal name | Håkansson, Håkan, |
| Dates associated with a name | 1947- |
| 9 (RLIN) | 18832 |
| 245 10 - TITLE STATEMENT | |
| Title | Rethinking marketing : |
| Remainder of title | developing a new understanding of markets / |
| Statement of responsibility, etc. | Håkan Håkansson with Debbie Harrison, Alexandra Waluszewski. |
| 260 ## - PUBLICATION, DISTRIBUTION, ETC. (IMPRINT) | |
| Place of publication, distribution, etc. | Hoboken : |
| Name of publisher, distributor, etc. | Wiley, |
| Date of publication, distribution, etc. | 2004. |
| 300 ## - PHYSICAL DESCRIPTION | |
| Extent | x, 281 p. : |
| Other physical details | ill. ; |
| Dimensions | 25 cm. |
| 500 ## - GENERAL NOTE | |
| General note | "This book is the result of the seminar that was held in May 2003 in Oslo." |
| 504 ## - BIBLIOGRAPHY, ETC. NOTE | |
| Bibliography, etc | Includes bibliographical references and index. |
| 650 #0 - SUBJECT ADDED ENTRY--TOPICAL TERM | |
| Topical term or geographic name as entry element | Marketing |
| Form subdivision | Congresses. |
| 9 (RLIN) | 18833 |
| 700 1# - ADDED ENTRY--PERSONAL NAME | |
| Personal name | Harrison, Debbie. |
| 9 (RLIN) | 18834 |
| 700 1# - ADDED ENTRY--PERSONAL NAME | |
| Personal name | Waluszewski, Alexandra. |
| 9 (RLIN) | 18835 |
| 856 41 - ELECTRONIC LOCATION AND ACCESS | |
| Materials specified | Table of contents only |
| Uniform Resource Identifier | http://www.loc.gov/catdir/toc/ecip0416/2004007923.html |
| 856 42 - ELECTRONIC LOCATION AND ACCESS | |
| Materials specified | Contributor biographical information |
| Uniform Resource Identifier | http://www.loc.gov/catdir/enhancements/fy0616/2004007923-b.html |
| 856 42 - ELECTRONIC LOCATION AND ACCESS | |
| Materials specified | Publisher description |
| Uniform Resource Identifier | http://www.loc.gov/catdir/enhancements/fy0616/2004007923-d.html |
| 906 ## - LOCAL DATA ELEMENT F, LDF (RLIN) | |
| a | 7 |
| b | cbc |
| c | orignew |
| d | 1 |
| e | ecip |
| f | 20 |
| g | y-gencatlg |
| 942 ## - ADDED ENTRY ELEMENTS (KOHA) | |
| Source of classification or shelving scheme | Dewey Decimal Classification |
| Koha item type | Open Shelf |
| Withdrawn status | Lost status | Source of classification or shelving scheme | Damaged status | Not for loan | Home library | Current library | Date acquired | Source of acquisition | Inventory number | Total Checkouts | Full call number | Barcode | Date last seen | Price effective from | Koha item type |
|---|---|---|---|---|---|---|---|---|---|---|---|---|---|---|---|
| Dewey Decimal Classification | MUST Main Library | MUST Main Library | 17/07/2024 | Donation | 2011/33235 | 381 HAK 2004 | 2024-22021 | 17/07/2024 | 17/07/2024 | Open Shelf |
